| 000 | 01908pam a2200553 cc4500 | ||
|---|---|---|---|
| 001 | 1270356178 | ||
| 003 | DE-101 | ||
| 005 | 20251202143903.0 | ||
| 007 | tu | ||
| 008 | 221015s2023 gw ||||| |||| 00||||ger | ||
| 015 |
_a23,A17 _z22,N42 _2dnb |
||
| 016 | 7 |
_2DE-101 _a1270356178 |
|
| 020 |
_a9783753913551 _cBroschur : EUR 16.00 (DE), EUR 16.40 (AT) |
||
| 020 | _a3753913553 | ||
| 024 | 3 | _a9783753913551 | |
| 035 | _a(DE-599)DNB1270356178 | ||
| 035 | _a(OCoLC)1376510690 | ||
| 040 |
_a1245 _bger _cDE-101 _d9999 _erda |
||
| 041 |
_ager _hkor |
||
| 044 | _cXA-DE-HH | ||
| 082 | 7 | 4 |
_a741.5 _qDE-101 _223sdnb |
| 100 | 1 |
_0(DE-588)1283032449 _0https://d-nb.info/gnd/1283032449 _0(DE-101)1283032449 _aChoe, Jong hun _eVerfasser _4aut _2gnd |
|
| 245 | 1 | 0 |
_aNavillera _n1 _cArtwork: Jimmy ; Story: HUN ; aus dem Koreanischen von Elisabeth Müller |
| 250 | _a1. Auflage | ||
| 264 | 3 | 1 |
_aHamburg _bAltraverse GmbH _c2023 |
| 300 | _a273 Seiten | ||
| 336 |
_aText _btxt _2rdacontent |
||
| 336 |
_aunbewegtes Bild _bsti _2rdacontent |
||
| 337 |
_aohne Hilfsmittel zu benutzen _bn _2rdamedia |
||
| 338 |
_aBand _bnc _2rdacarrier |
||
| 653 | _a(Produktform)Paperback / softback | ||
| 653 | _a(Zielgruppe)Junge Erwachsene | ||
| 653 | _a(Lesealter)ab 16 Jahre | ||
| 653 | _a(Zielgruppe)ab 16 Jahre | ||
| 653 | _aBallett | ||
| 653 | _aJosei | ||
| 653 | _aSlice of Life | ||
| 653 | _aSterblichkeit | ||
| 653 | _aTanzen | ||
| 653 | _aSchüler-Mentor | ||
| 653 | _aLebenstraum | ||
| 653 | _aWebtoon | ||
| 653 | _a(VLB-WN)1182: Hardcover, Softcover / Belletristik/Comic, Cartoon, Humor, Satire/Manga, Manhwa | ||
| 655 | 7 |
_0(DE-588)4010427-8 _0https://d-nb.info/gnd/4010427-8 _0(DE-101)040104273 _aComic _2gnd-content |
|
| 773 | 0 | 8 |
_q11 _w(DE-101)1283033941 |
| 856 | 4 | 2 |
_mB:DE-101 _qapplication/pdf _uhttps://d-nb.info/1270356178/04 _3Inhaltsverzeichnis |
| 942 |
_2ddc _cMGA _n0 |
||
| 999 |
_c1437 _d1437 |
||